| 000 | 01047nam a2200229Ia 4500 | ||
|---|---|---|---|
| 001 | 1416 | ||
| 005 | 20260401151527.0 | ||
| 008 | 260306t2011||||xx |||||||||||||| ||spa|| | ||
| 041 | _aESP | ||
| 082 |
_a150 _bN48 |
||
| 100 |
_aNevid, Jeffrey S. _eAUT |
||
| 245 | 0 |
_aPsicología: _bconceptos y aplicaciones |
|
| 260 | _c2011 | ||
| 300 |
_a631 páginas : _c27 cm. |
||
| 650 | _aGEN | ||
| 654 | _aCPS | ||
| 856 |
_uhttps://itmsp.museknowledge.com/UCSP?url=https://www.ebooks7-24.com:443/?il=20754&pg=1 _zVéase además: Psicología con aplicaciones. Versión digital |
||
| 856 |
_uhttps://0u213uy0q-y-https-ebooks7--24-com.itmsp.museknowledge.com/biblioteca.aspx _zVéase además: Base de datos Ebook7-24 |
||
| 856 |
_uhttps://0u20vuxty-y-https-ebookcentral-proquest-com.itmsp.museknowledge.com/lib/catolicasp/home.action _zVéase además: Base de datos ProQuest Ebook Central |
||
| 856 |
_uhttps://0u20fuy14-y-https-research-ebsco-com.itmsp.museknowledge.com/c/qxo6us/search _zVéase además: Base de datos EBSCOhost |
||
| 942 |
_cLIB _dJUS _fJUS _2ddc |
||
| 999 |
_c1416 _d1416 |
||